Chile: Sur
Na minha lista:
| Autor principal: | |
|---|---|
| Formato: | Livro |
| Idioma: | espanhol |
| Publicado em: |
Santiago
Eco Ltda.
2002
|
| Edição: | 1a. ed |
| Assuntos: | |
| Tags: |
Adicionar Tag
Sem tags, seja o primeiro a adicionar uma tag!
|
MARC
| LEADER | 00000cam a2200000 a 4500 | ||
|---|---|---|---|
| 001 | UCF2331 | ||
| 003 | CL-VaPUC | ||
| 008 | 120817e20020000CL |||||||||||||||||spa|d | ||
| 020 | |a 9568178112 | ||
| 082 | 0 | 4 | |a 704.9436983 |b WAR |2 21 |
| 100 | 0 | |a Warren Friedli, Alan |e author |9 563927 | |
| 245 | 1 | 0 | |a Chile: Sur |
| 250 | |a 1a. ed | ||
| 300 | |a pág. irreg | ||
| 942 | |c BK | ||
| 945 | |d 20120817 00:00:00 |a dcastane | ||
| 260 | |a Santiago |b Eco Ltda. |c 2002 | ||
| 650 | 0 | |a Fotografía |9 268495 | |
| 650 | 0 | |a Fotografías artísticas |9 535989 | |
| 650 | 0 | |a Paisajes |9 344660 | |
| 651 | 7 | |a CHILE |2 CL-VaPUC |9 563928 | |
| 583 | |a last modification |c 20120820 01:47:02 |k Rodrigo Vera | ||
| 999 | |c 348899 |d 348897 | ||
| 952 | |0 0 |1 0 |4 0 |6 704_943698300000000_WAR_2002 |7 0 |8 A |9 451179 |a BIBING |b BIBING |d 2019-11-22 |i 4893255 |o 704.9436983 WAR 2002 |p 4893255 |r 2025-01-20 |w 2019-11-22 |y BK |k CUI | ||